=LDR 00000nam 2200000 4500 =001 NUTBA000000000000974 =005 20140407160844.0 =006 =007 =008 =020 ##$$a 979-691-182-5 =035 ##$$a 0010-041400000000244 =040 ##$$a Ind =082 ##$$a 657.45 =090 ##$$a 657.45$bSoe a =100 ##$$a Soemarso s.r =245 ##$$a Revisi akuntasi suatu pengantar$cSoemarso S.r =260 ##$$a Jakarta$bSalemba empat$c2005. =300 ##$$a 420 Hlm$bIlus$c25 cm. =850 ##$$a NBPNMAT =990 ##$$a 40601048 =990 ##$$a 93046/BPAP-NTB/2014 =990 ##$$a 93209/BPAP-NTB/2014